000 00491nam a2200157 i 4500
001 40154
003 ES-MaACL
005 20230906160142.0
007 t|
008 030305s1919 ag ||||1| spa d
100 1 _aCapdevila Romero, Eugení.
_934803
245 1 0 _aEstudio social y político
_b: labor hispano-argentina : conferencias patrias /
_cEugení Capdevila Romero.
260 _aBuenos Aires :
_bColl :
_bVaccaro,
_c1919.
300 _a180 p. ;
_c18 cm.
852 _aES-MaACL
_jF-4167
999 _c40154
_d40154